Sports Quiz

Random Sports or NBA Quiz

NBA Best Lineups (2015-16) Quiz Stats

Quiz Updated Jun 11, 2016

Challenge
Share
Tweet
Embed
Score 0/100 Timer 08:00
0 Plays Today
Net Points Player % Correct
+156Stephen Curry
98.2%
+153Stephen Curry
98.2%
+100Stephen Curry
98.2%
+91Stephen Curry
98.2%
+85 (1)Stephen Curry
98.2%
+70Stephen Curry
98.1%
+108LeBron James
97%
+97LeBron James
97%
+156Klay Thompson
95.2%
+153Klay Thompson
95.1%
+100Klay Thompson
95.1%
+91Klay Thompson
95.1%
+85 (1)Klay Thompson
95.1%
+108Tristan Thompson
94%
+97Tristan Thompson
94%
+156Draymond Green
92.8%
+153Draymond Green
92.8%
+100Draymond Green
92.8%
+91Draymond Green
92.8%
+85 (1)Draymond Green
92.8%
+70Draymond Green
92.8%
+114Danny Green
91.7%
+108Kyrie Irving
90.9%
+114Tim Duncan
86.1%
+114Tony Parker
85.9%
+291Kevin Durant
85.5%
+113Kevin Durant
85.4%
+291Russell Westbrook
84.8%
+113Russell Westbrook
84.8%
+108Kevin Love
84.8%
+97Kevin Love
84.8%
+153Andrew Bogut
84.1%
+100Andrew Bogut
84.1%
+91Andrew Bogut
84.1%
Net Points Player % Correct
+114Kawhi Leonard
82.1%
+108J.R. Smith
80.4%
+97J.R. Smith
80.4%
+156Harrison Barnes
78.2%
+153Harrison Barnes
78.2%
+156Andre Iguodala
74.6%
+100Andre Iguodala
74.6%
+85 (1)Andre Iguodala
74.6%
+70Andre Iguodala
74.6%
+114LaMarcus Aldridge
73.7%
+291Serge Ibaka
72.6%
+113Serge Ibaka
72.6%
+101 (2)Chris Paul
70.6%
+83Chris Paul
70.6%
+67Chris Paul
70.6%
+291Steven Adams
70.3%
+113Steven Adams
70.3%
+101 (2)Blake Griffin
68.3%
+101 (2)DeAndre Jordan
67.5%
+83DeAndre Jordan
67.5%
+67DeAndre Jordan
67.5%
+101 (1)Kyle Lowry
57%
+70Shaun Livingston
53.9%
+101 (2)J.J. Redick
53.6%
+83J.J. Redick
53.6%
+67J.J. Redick
53.6%
+71Dirk Nowitzki
51.5%
+77 (2)Damian Lillard
50.8%
+71Deron Williams
49.4%
+89Marvin Williams
49.3%
+113Dion Waiters
46.9%
+77 (1)Al Horford
46.7%
+85 (1)Festus Ezeli
46.6%
+70Festus Ezeli
46.6%
Net Points Player % Correct
+291Andre Roberson
45.9%
+77 (1)Jeff Teague
45.7%
+89Kemba Walker
45.5%
+67Jamal Crawford
44.6%
+77 (1)Kyle Korver
43.4%
+77 (1)Paul Millsap
43.2%
+83Paul Pierce
41.3%
+67Wesley Johnson
40.2%
+77 (2)C.J. McCollum
39.6%
+97Matthew Dellavedova
39.4%
+85 (2)Reggie Jackson
35.9%
+85 (2)Andre Drummond
35.1%
+89Nicolas Batum
32.1%
+77 (2)Mason Plumlee
28.4%
+71Wesley Matthews
28.3%
+89Courtney Lee
27%
+101 (1)Terrence Ross
26.3%
+89Cody Zeller
25.9%
+77 (1)Kent Bazemore
25.6%
+101 (1)Bismack Biyombo
25.1%
+101 (1)Patrick Patterson
24.5%
+71Zaza Pachulia
24.3%
+77 (2)Al-Farouq Aminu
23.2%
+91Brandon Rush
22.1%
+85 (2)Kentavious Caldwell-Pope
20.8%
+85 (2)Marcus Morris
20.1%
+101 (2)Luc Mbah a Moute
19.3%
+83Luc Mbah a Moute
19.3%
+101 (1)Cory Joseph
17.9%
+71Raymond Felton
16.2%
+77 (2)Maurice Harkless
12.4%
+85 (2)Ersan Ilyasova
10.8%

You're not logged in!

Compare scores with friends on all Sporcle quizzes.
Join for Free
OR
Log In

You Might Also Like...

Show Comments

Extras

Top Quizzes Today


Score Distribution

Your Account Isn't Verified!

In order to create a playlist on Sporcle, you need to verify the email address you used during registration. Go to your Sporcle Settings to finish the process.

Report this User

Report this user for behavior that violates our Community Guidelines.

Details: